000 00373nam a2200157Ia 4500
008 210210b1994 xxu||||| |||| 00| 0 eng d
041 _aeng
082 _a025.4 MILS
100 _aMILLER (Joseph)
245 _aSears list of subject headings Ed 15
250 _a
260 _aNY
_bNot Mentioned
_c1994
300 _a758
690 _aLibrary Science
906 _a050199
999 _c128975
_d128975